000 01092nam a22002537a 4500
005 20170124103045.0
010 _aB-082057
020 _c50.00
035 _aB-082057
037 _bCen Lib/Ret
040 _aDPL
_bHN
082 _a
_bखलील
245 _aखलील जिब्रान की श्रेष्ठ कहानियां /
_cसंपादक महेंद्र मित्तल
246 _aKhaleel Jibran ki shreshth kahaniyan /
_bsampadak Mahendra Mittal
260 _a दिल्ली
_bमनोज पब्लेकेशन
_c2004
270 _b दिल्ली
_aशाहदरा
_e110032
300 _a130पृ.:
_c19सेमी (सजिल्द)
_bसचित्र
650 _aहिंदी साहित्य
_968557
650 _aहिंदी साहित्य
_xकहानियां
_968558
650 _aHindi literature
_968559
650 _aHindi literature
_xstories
_968560
700 _aमित्तल, महेंद्र
_968561
942 _2ddc
_cHN
_h
_mखलील
999 _c116837
_d116837